La metamorfosi del ragù

Đã lưu trong:
Chi tiết về thư mục
Tác giả chính: Cacciatore, Chiara
Định dạng: Sách
Ngôn ngữ:Tiếng Anh
Được phát hành: Viterbo Scatole Parlanti 2023
Các nhãn: Thêm thẻ
Không có thẻ, Là người đầu tiên thẻ bản ghi này!

MARC

LEADER 00000nam a2200000 4500
005 20231207230144.0
008 231207b |||||||| |||| 00| 0 eng d
020 |a 9788832816556 
040 |c C 
100 |a Cacciatore, Chiara 
245 |a La metamorfosi del ragù 
260 |a Viterbo  |b Scatole Parlanti  |c 2023 
942 |2 ddc  |c BK  |n 0 
952 |0 0  |1 0  |2 ddc  |4 0  |6 858_800000000000000_CAC_MET  |7 0  |9 371  |a GE  |b GE  |d 2023-12-07  |l 1  |m 5  |o 858.8 CAC MET  |p 4531  |r 2025-10-07 17:07:02  |s 2025-07-15  |w 2023-12-07  |x Con dedica dell'autrice ad Arcigay Genova  |y BK 
999 |c 271  |d 271